[Event "U12 Polish Youth Championship"]
[Site "chess24.com"]
[Date "2018.04.29"]
[Round "1"]
[White "Ciszewski, Krzysztof"]
[Black "Blazniak, Bartlomiej"]
[Result "1/2-1/2"]
[Board "17"]
[WhiteElo "1646"]
[WhiteCountry "POL"]
[WhiteFideId "21853509"]
[WhiteEloChange "-6"]
[BlackElo "1385"]
[BlackCountry "POL"]
[BlackFideId "21835640"]
[BlackEloChange "6"]

1. c4 {[%clk 1:30:58]} e5 {[%clk 1:30:38]} 2. g3 {[%clk 1:31:19]} Nf6 {[%clk
1:30:29]} 3. Bg2 {[%clk 1:31:00]} c6 {[%clk 1:29:57]} 4. d3 {[%clk 1:28:00]} d5
{[%clk 1:28:30]} 5. cxd5 {[%clk 1:27:02]} cxd5 {[%clk 1:28:30]} 6. Nf3 {[%clk
1:26:22]} Nc6 {[%clk 1:27:23]} 7. O-O {[%clk 1:25:25]} Be6 {[%clk 1:25:54]} 8. b3
{[%clk 1:17:19]} Bd6 {[%clk 1:24:07]} 9. Bb2 {[%clk 1:16:28]} O-O {[%clk
1:22:28]} 10. Nbd2 {[%clk 1:13:07]} Rc8 {[%clk 1:21:17]} 11. a3 {[%clk 1:08:32]}
Qd7 {[%clk 1:19:16]} 12. b4 {[%clk 1:06:45]} b5 {[%clk 1:15:36]} 13. Rc1 {[%clk
1:04:58]} Rc7 {[%clk 1:14:29]} 14. Nb3 {[%clk 1:01:19]} Rfc8 {[%clk 1:12:12]} 15.
Nc5 {[%clk 0:58:16]} Qe7 {[%clk 1:05:15]} 16. Qd2 {[%clk 0:54:26]} Nd7 {[%clk
0:50:44]} 17. Nxd7 {[%clk 0:47:03]} Qxd7 {[%clk 0:50:15]} 18. Rfd1 {[%clk
0:45:35]} f6 {[%clk 0:45:49]} 19. Ne1 {[%clk 0:38:37]} Be7 {[%clk 0:36:34]} 20.
Nf3 {[%clk 0:34:23]} Kh8 {[%clk 0:25:50]} 21. h4 {[%clk 0:32:40]} Nd8 {[%clk
0:17:13]} 22. Rxc7 {[%clk 0:30:20]} Rxc7 {[%clk 0:16:52]} 23. Rc1 {[%clk
0:30:09]} Rxc1+ {[%clk 0:16:34]} 24. Qxc1 {[%clk 0:30:29]} Qc6 {[%clk 0:17:02]}
25. Kf1 {[%clk 0:28:04]} Kg8 {[%clk 0:16:53]} 26. Qxc6 {[%clk 0:24:40]} Nxc6
{[%clk 0:17:18]} 27. Ke1 {[%clk 0:25:02]} Kf7 {[%clk 0:17:32]} 28. Kd1 {[%clk
0:23:16]} a5 {[%clk 0:16:29]} 29. bxa5 {[%clk 0:22:52]} Nxa5 {[%clk 0:16:56]} 30.
Nd2 {[%clk 0:19:02]} Ke8 {[%clk 0:16:26]} 31. Kc2 {[%clk 0:18:55]} Bc5 {[%clk
0:16:26]} 32. e3 {[%clk 0:18:55]} d4 {[%clk 0:16:26]} 33. e4 {[%clk 0:18:55]} g6
{[%clk 0:16:26]} 1/2-1/2

[Event "U12 Polish Youth Championship"]
[Site "chess24.com"]
[Date "2018.04.29"]
[Round "1"]
[White "Dembicki, Karol"]
[Black "Matela, Krzysztof"]
[Result "0-1"]
[Board "18"]
[WhiteElo "1370"]
[WhiteCountry "POL"]
[WhiteFideId "21809747"]
[WhiteEloChange "-3"]
[BlackElo "1642"]
[BlackCountry "POL"]
[BlackFideId "21828962"]
[BlackEloChange "3"]

1. e4 {[%clk 1:30:43]} c5 {[%clk 1:30:40]} 2. Nf3 {[%clk 1:31:05]} e6 {[%clk
1:30:49]} 3. d4 {[%clk 1:31:12]} cxd4 {[%clk 1:31:09]} 4. Nxd4 {[%clk 1:31:26]}
Qb6 {[%clk 1:31:30]} 5. Nb3 {[%clk 1:31:40]} Nf6 {[%clk 1:30:42]} 6. Nc3 {[%clk
1:29:43]} Bb4 {[%clk 1:30:20]} 7. Bd3 {[%clk 1:28:26]} d5 {[%clk 1:30:36]} 8. Bd2
{[%clk 1:26:18]} Nbd7 {[%clk 0:58:46]} 9. O-O {[%clk 1:20:29]} Bxc3 {[%clk
0:51:03]} 10. Bxc3 {[%clk 1:18:38]} dxe4 {[%clk 0:50:08]} 11. Bc4 {[%clk
1:15:50]} O-O {[%clk 0:49:17]} 12. Re1 {[%clk 1:15:16]} a6 {[%clk 0:45:41]} 13.
Qd2 {[%clk 1:13:31]} Qc7 {[%clk 0:42:53]} 14. Bf1 {[%clk 1:08:51]} h6 {[%clk
0:39:45]} 15. Rad1 {[%clk 1:06:31]} b6 {[%clk 0:37:14]} 16. Bb4 {[%clk 1:04:34]}
Re8 {[%clk 0:36:11]} 17. Bd6 {[%clk 1:02:58]} Qc6 {[%clk 0:36:26]} 18. Re3 {[%clk
0:55:19]} Nd5 {[%clk 0:33:30]} 19. Rxe4 {[%clk 0:53:34]} Qxd6 {[%clk 0:31:50]}
20. c4 {[%clk 0:53:30]} N7f6 {[%clk 0:31:54]} 21. Rd4 {[%clk 0:51:12]} Bb7 {[%clk
0:30:33]} 22. cxd5 {[%clk 0:49:23]} Nxd5 {[%clk 0:30:38]} 23. Rg4 {[%clk
0:44:42]} e5 {[%clk 0:30:42]} 24. Bc4 {[%clk 0:42:48]} Rad8 {[%clk 0:30:41]} 25.
Rg3 {[%clk 0:39:49]} Qf6 {[%clk 0:30:33]} 26. Rd3 {[%clk 0:38:44]} e4 {[%clk
0:28:20]} 27. Rd4 {[%clk 0:38:13]} Re5 {[%clk 0:27:52]} 28. Qe2 {[%clk 0:33:57]}
b5 {[%clk 0:27:54]} 29. Bxd5 {[%clk 0:33:14]} Rexd5 {[%clk 0:28:00]} 30. Qe3
{[%clk 0:28:57]} Rxd4 {[%clk 0:27:51]} 31. Rxd4 {[%clk 0:29:05]} Rxd4 {[%clk
0:26:31]} 32. Qxd4 {[%clk 0:29:09]} Qg6 {[%clk 0:26:12]} 33. h3 {[%clk 0:27:48]}
e3 {[%clk 0:26:16]} 34. f3 {[%clk 0:27:20]} Bxf3 {[%clk 0:26:36]} 35. g4 {[%clk
0:26:58]} Qb1+ {[%clk 0:26:49]} 36. Kh2 {[%clk 0:27:20]} Qe1 {[%clk 0:27:05]} 37.
Qd8+ {[%clk 0:27:01]} Kh7 {[%clk 0:27:32]} 38. Qd3+ {[%clk 0:26:17]} g6 {[%clk
0:27:57]} 39. Qc2 {[%clk 0:25:28]} e2 {[%clk 0:28:19]} 40. Qc5 {[%clk 0:24:54]}
Qh1+ {[%clk 0:28:40]} 41. Kg3 {[%clk 0:24:54]} e1Q+ {[%clk 0:29:04]} 42. Kf4
{[%clk 0:25:04]} g5+ {[%clk 0:29:19]} 43. Kf5 {[%clk 0:24:35]} Qe6# {[%clk
0:29:36]} 0-1

[Event "U12 Polish Youth Championship"]
[Site "chess24.com"]
[Date "2018.04.29"]
[Round "1"]
[White "Trzebinski, Patryk"]
[Black "Wydmanski, Szymon"]
[Result "1-0"]
[Board "19"]
[WhiteElo "1628"]
[WhiteCountry "POL"]
[WhiteFideId "21839034"]
[WhiteEloChange "4"]
[BlackElo "1361"]
[BlackCountry "POL"]
[BlackFideId "21866759"]
[BlackEloChange "-4"]

1. e4 {[%clk 1:30:58]} c5 {[%clk 1:30:36]} 2. Nf3 {[%clk 1:31:19]} a6 {[%clk
1:30:44]} 3. d4 {[%clk 1:31:42]} cxd4 {[%clk 1:31:01]} 4. Nxd4 {[%clk 1:31:59]}
Nf6 {[%clk 1:31:11]} 5. Nc3 {[%clk 1:32:18]} e5 {[%clk 1:31:17]} 6. Nf3 {[%clk
1:32:38]} Bb4 {[%clk 1:31:25]} 7. Bc4 {[%clk 1:32:32]} Qc7 {[%clk 1:29:18]} 8.
Qd3 {[%clk 1:31:14]} b5 {[%clk 1:23:05]} 9. Bb3 {[%clk 1:30:36]} Bb7 {[%clk
1:19:09]} 10. Ng5 {[%clk 1:26:38]} O-O {[%clk 1:16:21]} 11. O-O {[%clk 1:13:51]}
h6 {[%clk 1:12:27]} 12. Nf3 {[%clk 1:07:55]} Bxc3 {[%clk 1:04:45]} 13. Qxc3
{[%clk 1:08:03]} Qxc3 {[%clk 1:05:04]} 14. bxc3 {[%clk 1:08:26]} Nxe4 {[%clk
1:05:14]} 15. Nxe5 {[%clk 1:08:27]} Nxc3 {[%clk 1:05:18]} 16. Ba3 {[%clk
1:08:20]} Rc8 {[%clk 0:55:31]} 17. Nxf7 {[%clk 1:04:45]} Bd5 {[%clk 0:50:03]} 18.
Nd6 {[%clk 1:00:26]} Rc6 {[%clk 0:47:28]} 19. Nf5 {[%clk 1:00:37]} Kh8 {[%clk
0:43:42]} 20. Ne7 {[%clk 1:00:43]} Bxb3 {[%clk 0:42:15]} 21. Nxc6 {[%clk
1:00:55]} Bc4 {[%clk 0:42:35]} 22. Nd4 {[%clk 0:54:42]} Bxf1 {[%clk 0:41:14]} 23.
Kxf1 {[%clk 0:55:00]} Nc6 {[%clk 0:40:56]} 24. Nxc6 {[%clk 0:48:42]} dxc6 {[%clk
0:41:18]} 25. Bb2 {[%clk 0:47:35]} Na4 {[%clk 0:40:23]} 26. Be5 {[%clk 0:44:15]}
Rd8 {[%clk 0:39:07]} 27. Ke2 {[%clk 0:42:28]} Kg8 {[%clk 0:37:52]} 28. f4 {[%clk
0:41:50]} g5 {[%clk 0:37:34]} 29. g3 {[%clk 0:41:26]} g4 {[%clk 0:34:03]} 30. Ke3
{[%clk 0:40:09]} Nc5 {[%clk 0:32:59]} 31. h3 {[%clk 0:37:16]} gxh3 {[%clk
0:30:19]} 32. Rh1 {[%clk 0:37:36]} Kf7 {[%clk 0:25:52]} 33. Rxh3 {[%clk 0:37:42]}
Kg6 {[%clk 0:25:44]} 34. g4 {[%clk 0:37:23]} Re8 {[%clk 0:24:44]} 35. Kf3 {[%clk
0:36:56]} Nd7 {[%clk 0:23:24]} 36. f5+ {[%clk 0:36:21]} Kh7 {[%clk 0:23:41]} 37.
Bf4 {[%clk 0:36:36]} Ne5+ {[%clk 0:23:53]} 38. Kg3 {[%clk 0:35:47]} Nf7 {[%clk
0:24:06]} 39. g5 {[%clk 0:35:42]} Rg8 {[%clk 0:22:10]} 40. g6+ {[%clk 0:35:53]}
Kh8 {[%clk 0:22:33]} 41. Bxh6 {[%clk 0:35:14]} Nxh6 {[%clk 0:22:20]} 42. Rxh6+
{[%clk 0:35:36]} Kg7 {[%clk 0:22:43]} 43. Rh7+ {[%clk 0:35:55]} Kf6 {[%clk
0:23:08]} 44. Kf4 {[%clk 0:36:19]} Rf8 {[%clk 0:21:46]} 45. Rc7 {[%clk 0:36:42]}
1-0

[Event "U12 Polish Youth Championship"]
[Site "chess24.com"]
[Date "2018.04.29"]
[Round "1"]
[White "Katny, Samuel"]
[Black "Madajczak, Piotr"]
[Result "0-1"]
[Board "20"]
[WhiteElo "1343"]
[WhiteCountry "POL"]
[WhiteFideId "21846693"]
[WhiteEloChange "-3"]
[BlackElo "1618"]
[BlackCountry "POL"]
[BlackFideId "21835934"]
[BlackEloChange "3"]

1. e4 {[%clk 1:30:43]} c5 {[%clk 1:30:51]} 2. Nf3 {[%clk 1:30:44]} Nc6 {[%clk
1:31:11]} 3. Bc4 {[%clk 1:30:20]} g6 {[%clk 1:31:24]} 4. d3 {[%clk 1:29:36]} Bg7
{[%clk 1:31:40]} 5. c3 {[%clk 1:29:39]} e6 {[%clk 1:31:53]} 6. Bf4 {[%clk
1:27:39]} d5 {[%clk 1:29:54]} 7. exd5 {[%clk 1:20:28]} exd5 {[%clk 1:30:16]} 8.
Qe2+ {[%clk 1:20:09]} Nge7 {[%clk 1:30:34]} 9. Bb5 {[%clk 1:18:39]} O-O {[%clk
1:30:43]} 10. O-O {[%clk 1:18:54]} a6 {[%clk 1:30:24]} 11. Bxc6 {[%clk 1:18:20]}
Nxc6 {[%clk 1:30:44]} 12. Re1 {[%clk 1:18:32]} Bg4 {[%clk 1:29:33]} 13. Nbd2
{[%clk 1:16:42]} Qd7 {[%clk 1:26:01]} 14. Qd1 {[%clk 1:07:30]} Rfe8 {[%clk
1:22:26]} 15. Qc2 {[%clk 0:54:21]} Bf5 {[%clk 1:18:39]} 16. b3 {[%clk 0:38:02]}
b5 {[%clk 1:17:33]} 17. Rxe8+ {[%clk 0:25:35]} Rxe8 {[%clk 1:17:49]} 18. Nh4
{[%clk 0:22:56]} c4 {[%clk 1:13:57]} 19. bxc4 {[%clk 0:20:19]} dxc4 {[%clk
1:14:14]} 20. Nxf5 {[%clk 0:10:06]} Qxf5 {[%clk 1:14:37]} 21. Be3 {[%clk
0:10:03]} cxd3 {[%clk 1:14:13]} 22. Qb3 {[%clk 0:09:36]} b4 {[%clk 1:06:22]} 23.
Nc4 {[%clk 0:05:56]} Bxc3 {[%clk 0:53:49]} 24. Rd1 {[%clk 0:05:38]} Rd8 {[%clk
0:52:42]} 25. Qa4 {[%clk 0:04:47]} Qb5 {[%clk 0:52:57]} 26. Qb3 {[%clk 0:04:58]}
a5 {[%clk 0:36:28]} 27. a4 {[%clk 0:03:37]} Qd5 {[%clk 0:35:41]} 28. h3 {[%clk
0:03:16]} Ne5 {[%clk 0:34:41]} 29. Bb6 {[%clk 0:02:20]} Rb8 {[%clk 0:31:48]} 30.
Bc7 {[%clk 0:02:38]} Rc8 {[%clk 0:32:11]} 31. Bxe5 {[%clk 0:02:41]} Qxc4 {[%clk
0:32:27]} 32. Qxc4 {[%clk 0:02:18]} Rxc4 {[%clk 0:32:53]} 33. Bf4 {[%clk
0:02:29]} Rxf4 {[%clk 0:33:14]} 34. Rxd3 {[%clk 0:02:48]} Rd4 {[%clk 0:33:14]}
35. Re3 {[%clk 0:03:15]} Bd2 {[%clk 0:33:16]} 36. Re5 {[%clk 0:03:40]} b3 {[%clk
0:33:39]} 37. Rb5 {[%clk 0:03:40]} Bb4 {[%clk 0:34:03]} 38. Rb8+ {[%clk 0:03:52]}
Kg7 {[%clk 0:34:29]} 39. Kh2 {[%clk 0:03:13]} Bd6+ {[%clk 0:34:53]} 40. g3 {[%clk
0:03:18]} Bxb8 {[%clk 0:35:19]} 41. Kg2 {[%clk 0:03:35]} b2 {[%clk 0:35:42]} 42.
h4 {[%clk 0:03:45]} b1Q {[%clk 0:35:50]} 43. h5 {[%clk 0:03:59]} Qe4+ {[%clk
0:36:11]} 44. Kh3 {[%clk 0:04:16]} Qh1# {[%clk 0:36:33]} 0-1

[Event "U12 Polish Youth Championship"]
[Site "chess24.com"]
[Date "2018.04.29"]
[Round "1"]
[White "Herwy, Jakub"]
[Black "Pancewicz, Szymon"]
[Result "1-0"]
[Board "21"]
[WhiteElo "1590"]
[WhiteCountry "POL"]
[WhiteFideId "21852855"]
[WhiteEloChange "4"]
[BlackElo "1337"]
[BlackCountry "POL"]
[BlackFideId "21852995"]
[BlackEloChange "-4"]

1. e4 {[%clk 1:30:57]} c5 {[%clk 1:30:55]} 2. c4 {[%clk 1:31:23]} Nc6 {[%clk
1:31:20]} 3. Nc3 {[%clk 1:31:49]} g6 {[%clk 1:31:46]} 4. g3 {[%clk 1:32:13]} Bg7
{[%clk 1:32:05]} 5. Bg2 {[%clk 1:32:38]} Nf6 {[%clk 1:32:24]} 6. Nge2 {[%clk
1:33:04]} O-O {[%clk 1:32:14]} 7. O-O {[%clk 1:33:28]} Ne8 {[%clk 1:32:09]} 8. f4
{[%clk 1:33:49]} Nc7 {[%clk 1:32:11]} 9. f5 {[%clk 1:32:25]} d6 {[%clk 1:30:34]}
10. d3 {[%clk 1:32:43]} Rb8 {[%clk 1:27:31]} 11. Be3 {[%clk 1:31:39]} Nd4 {[%clk
1:21:56]} 12. g4 {[%clk 1:30:22]} b5 {[%clk 1:18:20]} 13. Rb1 {[%clk 1:24:50]}
Ba6 {[%clk 1:07:56]} 14. b3 {[%clk 1:23:31]} e6 {[%clk 0:59:37]} 15. Qd2 {[%clk
1:11:42]} Re8 {[%clk 0:54:06]} 16. h3 {[%clk 1:06:24]} Qe7 {[%clk 0:52:01]} 17.
Ng3 {[%clk 0:56:33]} exf5 {[%clk 0:37:19]} 18. gxf5 {[%clk 0:56:54]} Qh4 {[%clk
0:28:23]} 19. Nce2 {[%clk 0:47:52]} Nxe2+ {[%clk 0:27:40]} 20. Nxe2 {[%clk
0:47:34]} Qe7 {[%clk 0:25:21]} 21. Bh6 {[%clk 0:45:11]} Bh8 {[%clk 0:20:47]} 22.
Ng3 {[%clk 0:43:58]} Rbd8 {[%clk 0:16:26]} 23. Rf3 {[%clk 0:42:37]} Qe5 {[%clk
0:15:02]} 24. Rbf1 {[%clk 0:41:12]} Qc3 {[%clk 0:14:19]} 25. Qd1 {[%clk 0:41:27]}
bxc4 {[%clk 0:14:11]} 26. bxc4 {[%clk 0:41:32]} Rd7 {[%clk 0:11:28]} 27. h4
{[%clk 0:41:28]} f6 {[%clk 0:08:34]} 28. Bh3 {[%clk 0:37:23]} Rf7 {[%clk
0:07:52]} 29. Bd2 {[%clk 0:37:37]} Qd4+ {[%clk 0:06:48]} 30. Kh2 {[%clk 0:36:52]}
Bc8 {[%clk 0:05:53]} 31. Rg1 {[%clk 0:36:56]} Bg7 {[%clk 0:05:06]} 32. Qc1 {[%clk
0:36:41]} Qe5 {[%clk 0:02:26]} 33. Bf4 {[%clk 0:36:05]} Qe7 {[%clk 0:02:25]} 34.
Kh1 {[%clk 0:34:05]} Na6 {[%clk 0:01:09]} 35. a3 {[%clk 0:34:28]} Nb8 {[%clk
0:01:28]} 36. Bh6 {[%clk 0:33:51]} Bh8 {[%clk 0:01:47]} 37. fxg6 {[%clk 0:34:15]}
hxg6 {[%clk 0:02:07]} 38. Bxc8 {[%clk 0:34:39]} Rxc8 {[%clk 0:02:02]} 39. Nf5
{[%clk 0:34:57]} Qe5 {[%clk 0:01:31]} 40. Rxg6+ {[%clk 0:35:18]} Kh7 {[%clk
0:01:54]} 41. Rfg3 {[%clk 0:35:13]} Rcc7 {[%clk 0:01:53]} 42. Bf4 {[%clk
0:35:22]} Qe8 {[%clk 0:01:51]} 43. Rh6# {[%clk 0:35:41]} 1-0

[Event "U12 Polish Youth Championship"]
[Site "chess24.com"]
[Date "2018.04.29"]
[Round "1"]
[White "Kozlowski, Michal"]
[Black "Paszkowski, Krystian"]
[Result "0-1"]
[Board "22"]
[WhiteElo "1327"]
[WhiteCountry "POL"]
[WhiteFideId "21812144"]
[WhiteEloChange "-4"]
[BlackElo "1563"]
[BlackCountry "POL"]
[BlackFideId "21853002"]
[BlackEloChange "4"]

1. e4 {[%clk 1:30:57]} c5 {[%clk 1:30:50]} 2. Nf3 {[%clk 1:31:02]} e6 {[%clk
1:31:02]} 3. d4 {[%clk 1:30:22]} cxd4 {[%clk 1:31:18]} 4. Nxd4 {[%clk 1:30:45]}
a6 {[%clk 1:31:36]} 5. Be3 {[%clk 1:30:55]} Nf6 {[%clk 1:29:02]} 6. f3 {[%clk
1:30:57]} Qc7 {[%clk 1:21:55]} 7. Nd2 {[%clk 1:18:33]} Be7 {[%clk 1:15:33]} 8. c3
{[%clk 1:16:07]} d5 {[%clk 1:00:59]} 9. exd5 {[%clk 1:09:53]} Nxd5 {[%clk
1:01:17]} 10. Bf2 {[%clk 1:10:15]} Nc6 {[%clk 0:53:51]} 11. N2b3 {[%clk 1:06:21]}
Nxd4 {[%clk 0:49:38]} 12. Nxd4 {[%clk 1:01:45]} O-O {[%clk 0:46:51]} 13. Be2
{[%clk 0:59:37]} Rd8 {[%clk 0:45:00]} 14. Qc2 {[%clk 0:52:58]} e5 {[%clk
0:40:09]} 15. Nb3 {[%clk 0:49:19]} Be6 {[%clk 0:39:27]} 16. O-O {[%clk 0:47:11]}
Rac8 {[%clk 0:38:23]} 17. Bd3 {[%clk 0:43:04]} g6 {[%clk 0:36:13]} 18. Rac1
{[%clk 0:39:53]} Nf4 {[%clk 0:35:13]} 19. Rfd1 {[%clk 0:37:48]} Rxd3 {[%clk
0:32:14]} 20. Rxd3 {[%clk 0:36:50]} Bf5 {[%clk 0:32:37]} 21. Rcd1 {[%clk
0:36:02]} Bxd3 {[%clk 0:31:37]} 22. Rxd3 {[%clk 0:34:53]} Nxd3 {[%clk 0:32:04]}
23. Qxd3 {[%clk 0:35:22]} Rd8 {[%clk 0:31:30]} 24. Qe2 {[%clk 0:35:01]} b5 {[%clk
0:29:49]} 25. Nd2 {[%clk 0:29:56]} Bc5 {[%clk 0:29:32]} 26. Ne4 {[%clk 0:29:02]}
Bxf2+ {[%clk 0:29:50]} 27. Kxf2 {[%clk 0:29:05]} f5 {[%clk 0:29:52]} 28. Ng5
{[%clk 0:26:59]} Qc5+ {[%clk 0:28:30]} 29. Kf1 {[%clk 0:23:43]} Qc4 {[%clk
0:27:39]} 30. Qxc4+ {[%clk 0:24:02]} bxc4 {[%clk 0:27:59]} 31. Ne6 {[%clk
0:24:07]} Rb8 {[%clk 0:27:28]} 32. Nc5 {[%clk 0:24:23]} Rxb2 {[%clk 0:27:38]} 33.
Nxa6 {[%clk 0:24:50]} Rxa2 {[%clk 0:27:51]} 34. Nb4 {[%clk 0:25:08]} Ra3 {[%clk
0:27:52]} 35. Nd5 {[%clk 0:25:30]} Kf7 {[%clk 0:28:03]} 36. Ke2 {[%clk 0:25:19]}
Ke6 {[%clk 0:28:24]} 37. Nc7+ {[%clk 0:25:42]} Kd7 {[%clk 0:28:30]} 38. Nb5
{[%clk 0:25:46]} Rb3 {[%clk 0:28:41]} 39. Na7 {[%clk 0:25:53]} Kc7 {[%clk
0:29:01]} 40. Kd2 {[%clk 0:25:47]} Kb7 {[%clk 0:29:28]} 41. g4 {[%clk 0:26:07]}
Kxa7 {[%clk 0:29:39]} 42. gxf5 {[%clk 0:26:29]} gxf5 {[%clk 0:29:58]} 0-1

[Event "U12 Polish Youth Championship"]
[Site "chess24.com"]
[Date "2018.04.29"]
[Round "1"]
[White "Wilk, Igor"]
[Black "Zalega, Maciej"]
[Result "1/2-1/2"]
[Board "23"]
[WhiteElo "1558"]
[WhiteCountry "POL"]
[WhiteFideId "21831580"]
[WhiteEloChange "-6"]
[BlackElo "1309"]
[BlackCountry "POL"]
[BlackFideId "21858284"]
[BlackEloChange "6"]

1. e4 {[%clk 1:30:48]} c5 {[%clk 1:30:54]} 2. Nf3 {[%clk 1:30:54]} e6 {[%clk
1:31:16]} 3. d4 {[%clk 1:31:02]} cxd4 {[%clk 1:31:38]} 4. Nxd4 {[%clk 1:30:59]}
a6 {[%clk 1:32:02]} 5. Bd3 {[%clk 1:30:34]} Nf6 {[%clk 1:32:00]} 6. Bg5 {[%clk
1:27:45]} Be7 {[%clk 1:30:42]} 7. O-O {[%clk 1:26:32]} O-O {[%clk 1:29:37]} 8.
Nc3 {[%clk 1:21:14]} Nc6 {[%clk 1:28:01]} 9. Nf3 {[%clk 1:15:54]} b5 {[%clk
1:20:43]} 10. a3 {[%clk 1:11:50]} Bb7 {[%clk 1:18:26]} 11. Re1 {[%clk 1:08:34]}
d5 {[%clk 1:16:59]} 12. e5 {[%clk 0:49:57]} Nd7 {[%clk 1:15:58]} 13. Bxe7 {[%clk
0:49:06]} Qxe7 {[%clk 1:13:56]} 14. Qd2 {[%clk 0:46:24]} d4 {[%clk 1:08:03]} 15.
Ne2 {[%clk 0:40:21]} Ncxe5 {[%clk 1:06:26]} 16. Nxe5 {[%clk 0:38:44]} Nxe5 {[%clk
1:06:12]} 17. Nxd4 {[%clk 0:38:09]} Nxd3 {[%clk 1:06:11]} 18. Qxd3 {[%clk
0:38:06]} Rad8 {[%clk 1:05:32]} 19. Qe3 {[%clk 0:34:13]} Rd5 {[%clk 1:03:46]} 20.
c3 {[%clk 0:28:41]} Rfd8 {[%clk 1:01:54]} 21. f4 {[%clk 0:25:43]} Qc5 {[%clk
0:58:02]} 22. Rad1 {[%clk 0:21:07]} g6 {[%clk 0:52:12]} 23. g3 {[%clk 0:18:39]}
a5 {[%clk 0:47:18]} 24. b4 {[%clk 0:15:12]} axb4 {[%clk 0:45:21]} 25. axb4 {[%clk
0:15:03]} Qc4 {[%clk 0:44:39]} 26. Qd3 {[%clk 0:14:08]} Qa2 {[%clk 0:26:25]} 27.
Rd2 {[%clk 0:10:58]} Qa7 {[%clk 0:22:52]} 28. Rdd1 {[%clk 0:09:46]} Ba8 {[%clk
0:21:16]} 29. Ra1 {[%clk 0:08:58]} Qb7 {[%clk 0:20:44]} 30. Qe4 {[%clk 0:07:55]}
Qb6 {[%clk 0:19:31]} 31. Qe3 {[%clk 0:06:19]} Bb7 {[%clk 0:17:03]} 32. Rad1
{[%clk 0:04:44]} Ba8 {[%clk 0:16:19]} 33. Ra1 {[%clk 0:05:02]} Qb7 {[%clk
0:15:35]} 34. Qe4 {[%clk 0:05:09]} Qc8 {[%clk 0:13:16]} 35. Qe3 {[%clk 0:04:57]}
Qb7 {[%clk 0:11:49]} 1/2-1/2

[Event "U12 Polish Youth Championship"]
[Site "chess24.com"]
[Date "2018.04.29"]
[Round "1"]
[White "Grzadka, Artur"]
[Black "Malinowski, Szymon"]
[Result "1-0"]
[Board "24"]
[WhiteElo "1269"]
[WhiteCountry "POL"]
[WhiteFideId "21836736"]
[WhiteEloChange "17"]
[BlackElo "1549"]
[BlackCountry "POL"]
[BlackFideId "21832757"]
[BlackEloChange "-17"]

1. d4 {[%clk 1:30:56]} d5 {[%clk 1:30:49]} 2. c4 {[%clk 1:31:21]} e6 {[%clk
1:31:11]} 3. Nc3 {[%clk 1:31:44]} Nf6 {[%clk 1:31:25]} 4. cxd5 {[%clk 1:32:08]}
exd5 {[%clk 1:31:43]} 5. Bg5 {[%clk 1:32:23]} c6 {[%clk 1:31:52]} 6. Qc2 {[%clk
1:32:20]} h6 {[%clk 1:32:01]} 7. Bh4 {[%clk 1:32:24]} g6 {[%clk 1:31:41]} 8. e3
{[%clk 1:32:20]} Bg7 {[%clk 1:32:00]} 9. Bd3 {[%clk 1:32:12]} Qe7 {[%clk
1:31:52]} 10. Nge2 {[%clk 1:32:26]} Be6 {[%clk 1:27:12]} 11. O-O {[%clk 1:29:23]}
Nbd7 {[%clk 1:24:06]} 12. Bg3 {[%clk 1:27:38]} h5 {[%clk 1:23:17]} 13. h3 {[%clk
1:27:23]} h4 {[%clk 1:21:40]} 14. Bh2 {[%clk 1:26:57]} g5 {[%clk 1:21:51]} 15.
Bf5 {[%clk 1:26:35]} g4 {[%clk 1:21:17]} 16. Bxe6 {[%clk 1:25:06]} Qxe6 {[%clk
1:20:45]} 17. Nf4 {[%clk 1:24:40]} Qe7 {[%clk 1:18:51]} 18. hxg4 {[%clk 1:23:36]}
Nb6 {[%clk 1:04:48]} 19. g5 {[%clk 1:21:33]} Ng4 {[%clk 0:52:55]} 20. g6 {[%clk
1:17:12]} f6 {[%clk 0:50:45]} 21. Qf5 {[%clk 1:12:44]} Nxh2 {[%clk 0:50:40]} 22.
Kxh2 {[%clk 1:12:56]} Rd8 {[%clk 0:50:13]} 23. Rfe1 {[%clk 1:10:23]} Bh6 {[%clk
0:48:34]} 24. Kg1 {[%clk 1:08:40]} Bg5 {[%clk 0:43:44]} 25. e4 {[%clk 1:05:19]}
O-O {[%clk 0:39:54]} 26. Qe6+ {[%clk 1:02:19]} Qxe6 {[%clk 0:39:52]} 27. Nxe6
{[%clk 1:02:41]} dxe4 {[%clk 0:39:46]} 28. Nxd8 {[%clk 1:01:39]} Rxd8 {[%clk
0:40:07]} 29. Rxe4 {[%clk 1:01:33]} Kg7 {[%clk 0:40:08]} 30. f4 {[%clk 1:00:56]}
Bh6 {[%clk 0:40:02]} 31. f5 {[%clk 1:00:54]} Rxd4 {[%clk 0:38:43]} 32. Re7+
{[%clk 0:58:21]} Kg8 {[%clk 0:37:45]} 33. Rae1 {[%clk 0:55:47]} Bf4 {[%clk
0:36:37]} 34. Ne2 {[%clk 0:53:28]} Rb4 {[%clk 0:36:25]} 35. Nxf4 {[%clk 0:53:29]}
Rxf4 {[%clk 0:36:29]} 36. Rf7 {[%clk 0:53:46]} Re4 {[%clk 0:36:30]} 37. Rxe4
{[%clk 0:54:04]} Nd5 {[%clk 0:36:46]} 38. Re8# {[%clk 0:54:04]} 1-0

[Event "U12 Polish Youth Championship"]
[Site "chess24.com"]
[Date "2018.04.29"]
[Round "1"]
[White "Krupinski, Mikolaj"]
[Black "Trochimczuk, Szymon"]
[Result "0-1"]
[Board "25"]
[WhiteElo "1547"]
[WhiteCountry "POL"]
[WhiteFideId "21835918"]
[WhiteEloChange "-17"]
[BlackElo "1251"]
[BlackCountry "POL"]
[BlackFideId "21881260"]
[BlackEloChange "17"]

1. e4 {[%clk 1:30:34]} c5 {[%clk 1:30:52]} 2. Nf3 {[%clk 1:30:04]} Nc6 {[%clk
1:31:14]} 3. d4 {[%clk 1:29:36]} cxd4 {[%clk 1:31:25]} 4. Nxd4 {[%clk 1:29:35]}
e5 {[%clk 1:31:18]} 5. Nb5 {[%clk 1:26:48]} d6 {[%clk 1:31:23]} 6. N1c3 {[%clk
1:25:20]} a6 {[%clk 1:31:36]} 7. Na3 {[%clk 1:25:44]} b5 {[%clk 1:31:58]} 8. Nd5
{[%clk 1:24:52]} Nf6 {[%clk 1:32:01]} 9. Bg5 {[%clk 1:23:07]} Be7 {[%clk
1:31:32]} 10. Bxf6 {[%clk 1:22:22]} Bxf6 {[%clk 1:31:16]} 11. c3 {[%clk 1:18:39]}
Bg5 {[%clk 1:30:36]} 12. Nc2 {[%clk 1:17:13]} Be6 {[%clk 1:29:21]} 13. Nce3
{[%clk 1:12:33]} O-O {[%clk 1:26:07]} 14. h4 {[%clk 1:04:52]} Bh6 {[%clk
1:19:59]} 15. a4 {[%clk 0:50:37]} Bxe3 {[%clk 1:05:29]} 16. Nxe3 {[%clk 0:47:55]}
b4 {[%clk 0:58:59]} 17. Bd3 {[%clk 0:35:47]} bxc3 {[%clk 0:51:51]} 18. bxc3
{[%clk 0:34:25]} Ne7 {[%clk 0:51:15]} 19. Nf5 {[%clk 0:22:43]} Nxf5 {[%clk
0:41:42]} 20. exf5 {[%clk 0:23:07]} Bd5 {[%clk 0:40:34]} 21. Qh5 {[%clk 0:16:11]}
Qf6 {[%clk 0:38:51]} 22. f3 {[%clk 0:06:29]} e4 {[%clk 0:35:22]} 23. fxe4 {[%clk
0:05:28]} Qxc3+ {[%clk 0:35:05]} 24. Ke2 {[%clk 0:04:09]} Bc4 {[%clk 0:30:32]}
25. Bxc4 {[%clk 0:01:56]} Qxc4+ {[%clk 0:30:51]} 26. Kf3 {[%clk 0:01:26]} Rfe8
{[%clk 0:28:38]} 27. Rhe1 {[%clk 0:01:01]} Rab8 {[%clk 0:28:12]} 28. Rac1 {[%clk
0:00:46]} Rb3+ {[%clk 0:27:11]} 29. Kf4 {[%clk 0:00:39]} Qd4 {[%clk 0:25:58]} 30.
f6 {[%clk 0:00:32]} Qd2+ {[%clk 0:23:01]} 31. Re3 {[%clk 0:00:32]} Qxe3+ {[%clk
0:23:01]} 0-1